000 02360cam a2200289 a 4500
008 970922s1879 fr er|||| 000 0 MUL d
040 _aSpMaBN
_bspa
_cSandra Yazo (modificó)
_dSandra Yazo (modificó)
041 1 _afre
041 1 _alat
082 0 4 _220
_a340.54
092 _aE27N026
100 1 _aSavigny, Friedrich Karl von,
_d1779-1861
_939152
242 0 0 _aTratado sobre la posesión según el Derecho Romano
_cTraducido del alemán por Enrique Staedler, a partir de la séptima edición original, publicada según las notas del autor. Con un Apéndice, sobre la situación actual de dicho tema por Adolfus Fridericus Rudorff
245 1 0 _aTraité de la possession en droit romain
_cpar Fredéric Charles de Savigny ; Traduit de l’allemand par Henri Staedler … sur la septième édition originale publiée d’après les notes laissées par l’auteur et augmentée d’un appendice sur l’état actuel de la doctrine par M Ad. Fr- Rudorff
260 _aParis
_bA. Durand y Pedone-Lauriel, Editores
_c1879
300 _axxxvi, 766 p.
_c21 x 14 cm
500 _aDetalles físicos: Encuadernación rígida (holandesa) en cartón duro, forrado con papel. Lomo en cuero, con repujados y nervaduras sobre costuras; letras y motivos decorativos en dorado. Guardas. Anteportada. Portada impresa en una sola tinta con diversos tipos de letras. Texto impreso en una sola columna sobre papel de calidad, notas de pie de página, impresas en caracteres más pequeños. Márgenes muy amplios. Guarda posterior. Algunas hojas desprendidas
505 0 _aSección 1: La noción de posesión. ; Sección 2: Adquisición de la posesión. ; Sección 3: La pérdida de la posesión. ; Sección 4: Los interdictos. ; Sección 5: La cuasi-posesión de derecho. ; Sección 6: Modificaciones que se hicieron al Derecho romano. ; Apéndice sobre el estado actual de la doctrina sobre la posesión.
506 _aConsulta e sala
546 _aTexto en latín y francés
650 7 _aPosesión (Derecho romano)
_922099
690 _aDerecho
700 1 _aRudorff, Adolfus Fridericus
_939235
700 1 _aStaedler, Henri
_etraductor
_939236
856 4 1 _uhttp://bibliotecadigitalhispanica.bne.es:80/webclient/DeliveryManager?pid=3474170&custom_att_2=simple_viewer
_zDisponible en línea edición de 1845
942 _cLIBRO
_e1
_2DEWEY
_h340.54
999 _c167703
_d167703